LEADER 01305nam a2200301 a 4500 001 000000127322 003 CaOOAMICUS 005 20120125101648.0 008 120125s2010 it u000 u ita r 020 $a978-88-372-2385-4 040 $aPUL$bita 082 04$a220 100 1 $aSacchi, Paolo.$0(OLS)http://pul/name/75 245 10$aTra Giudaismo e Cristianesimo :$briflessioni sul giudaismo antico e medio /$cPaolo Sacchi. 260 $aBrescia :$bMorcelliana,$c©2010. 300 $a368 p. ;$c23 cm 490 1 $aAntico e Nuovo Testamento ;$v7 504 $aContiene riferimenti bibliografici ed indice. 650 4$aGiudaismo e altre religioni$xCristianesimo.$0(OLS)http://pul/subject/16735 830 0$aAntico e Nuovo Testamento (Morcelliana) ;$v7.$0(OLS)http://pul/title/143086 850 $aPUL 852 $aPUL$W1$xSL Religione 3$y85$m220 COLL 5.7$j147282$qDDC 21$B145932$CPULBib$Z2$F145932 $H115417 $82 941 1 $a9 996 $6020$a978-88-372-2385-4$9(OLS)http://pul/number/148661 996 $6082$a220$9(OLS)http://pul/classification/523 996 $6245$aTra Giudaismo e Cristianesimo :$briflessioni sul giudaismo antico e medio$9(OLS)http://pul/title/160866 996 $6260$aBrescia :$bMorcelliana$9(OLS)http://pul/publisher/47854 LEADER 01541nam a2200349 a 4500 001 000000128322 003 CaOOAMICUS 005 20120403152002.0 008 120403s1997 it adc 000 u ita r 020 $a88-08-15634-6 040 $aPUL$bita 041 1 $aita$heng 082 04$a523.1 100 1 $aBegelman, Mitchell.$0(OLS)http://pul/name/81996 240 10$aGravity's fatal attraction.$lItaliano.$0(OLS)http://pul/title/162163 245 12$aL'attrazione fatale della gravitą :$bi buchi neri dell'universo /$cMitchell Begelman, Martin Rees. 260 $aBologna :$bZanichelli,$c©1997. 300 $aIX, 250 p. :$bill., grafici, ritr. ;$c24 cm 490 1 $aNuovi classici della scienza ;$v24 500 $aInclude indice e riferimenti bibliografici. 650 4$aBuchi neri.$0(OLS)http://pul/subject/34188 650 4$aCosmologia.$0(OLS)http://pul/subject/526 700 1 $aRees, Martin.$0(OLS)http://pul/name/81997 830 0$aNuovi classici della scienza ;$v24.$0(OLS)http://pul/title/162165 850 $aPUL 852 $aPUL$W1$xSL Cons. Gen., Altre Classi 3$y75$m523. 1 BEGHI 1$j148559$qDDC 21$q $B147110$CPULBib$Z2$F147110 $H119484 $81 941 1 $a9 996 $6020$a88-08-15634-6$9(OLS)http://pul/number/149407 996 $6082$a523.1$9(OLS)http://pul/classification/1847 996 $6245$aL'attrazione fatale della gravitą :$bi buchi neri dell'universo$9(OLS)http://pul/title/162164 996 $6260$aBologna :$bZanichelli$9(OLS)http://pul/publisher/48255